000 00478nam a2200157Ia 4500
003 IN-BaIIA
008 211028s9999 xx 000 0 eng d
040 _cIIA Library
080 _a521.81
_bSHY
100 _aShylaja, B. S.
245 0 _aGrahana
_ba book on eclipse (Kannada)
_cB. S. Shylaja
260 _aBangalore
_bBangalore Association for Science Education
_c1995
300 _a83p.
650 _aEclipses
_9909
942 _cBK
999 _c13489
_d13489